Kỹ thuật trồng và ghép mai
Sách dành một phần nhỏ nói về kĩ thuật trồng và ghép mai, còn một phần lớn là giới thiệu các thế đẹp của hoa mai trong vườn cây cảnh, chậu hoa, trong những áng thơ nổi tiếng của các nho sĩ Việt Nam...
Đã lưu trong:
| Hovedforfatter: | |
|---|---|
| Format: | Bog |
| Sprog: | Undetermined |
| Udgivet: |
Tp. HCM
Trẻ
1998
|
| Fag: | |
| Tags: |
Tilføj Tag
Ingen Tags, Vær først til at tagge denne postø!
|
| Thư viện lưu trữ: | Trung tâm Học liệu Trường Đại học Cần Thơ |
|---|
| LEADER | 00809nam a2200193Ia 4500 | ||
|---|---|---|---|
| 001 | CTU_38277 | ||
| 008 | 210402s9999 xx 000 0 und d | ||
| 082 | |a 635.9 | ||
| 082 | |b Th462 | ||
| 100 | |a Huỳnh Văn Thới | ||
| 245 | 0 | |a Kỹ thuật trồng và ghép mai | |
| 245 | 0 | |c Huỳnh Văn Thới | |
| 260 | |a Tp. HCM | ||
| 260 | |b Trẻ | ||
| 260 | |c 1998 | ||
| 520 | |a Sách dành một phần nhỏ nói về kĩ thuật trồng và ghép mai, còn một phần lớn là giới thiệu các thế đẹp của hoa mai trong vườn cây cảnh, chậu hoa, trong những áng thơ nổi tiếng của các nho sĩ Việt Nam | ||
| 650 | |a plants, ornamental | ||
| 904 | |i Minh | ||
| 980 | |a Trung tâm Học liệu Trường Đại học Cần Thơ | ||